| 000 | 00443pab a2200169 454500 | ||
|---|---|---|---|
| 008 | 180718b2009 xxu||||| |||| 00| 0 eng d | ||
| 100 | _aHaynes, Wendy | ||
| 245 | _aTransportation megaprojects: comparing project management and oversight approaches | ||
| 260 | _c2009 | ||
| 300 | _ap.72-77. | ||
| 362 | _aSummer | ||
| 650 | _aProject management | ||
| 700 | _aWhipple, Andrew | ||
| 773 | _aPublic Manager | ||
| 908 | _aN | ||
| 909 | _a83638 | ||
| 999 |
_c83638 _d83638 |
||